000 00723nam a2200181Ia 4500
008 151202s9999||||xx |||||||||||||| ||und||
082 _bPNVM-52453
100 _aमंगेशकर गीता आणि बांदोडकर गौरी.
245 _aपतिव्रता.
260 _bबांदोडकर पब्लिशिंग हाउस गोवा.
260 _c1984
300 _a220
600 _aमंगेशकर गीता आणि बांदोडकर गौरी.
630 _aपतिव्रता.
700 _aमंगेशकर गीता आणि बांदोडकर गौरी.
730 _aपतिव्रता.
942 _cBOOK
999 _c1318992
_d1318989